000 00910cam a2200253Ma 4500
005 20180312142016.0
008 140728s1990 ck a gr 000 j spa d
020 _a9580412731
020 _a9789580412731
040 _aCO-BoUCM
_bspa
_cJose A. Gerena
_dJose A. Gerena
041 1 _aspa
100 1 _aViza, Montserrat
_950279
245 1 3 _aEl Anochecer
_cMontserrat Viza, Irene Bordoy
260 _aBogotá (Colombia)
_bParramón
_bNorma
_c1990
300 _a[16] páginas
_bilustraciones a color
490 1 _aPrimera biblioteca de los niños
_alas cuatro partes del día
650 7 _918524
_aLibros y lectura para niños
650 7 _918684
_aLiteratura infantil española
650 7 _937305
_aCuentos ilustrados para niños
690 _942863
_aLiteratura europea
700 1 _aBordoy, Irene
_963367
942 _a18
_cLIBRO
_e1
_mV864an
_2DEWEY
_h868.64
_n0
999 _c242198
_d242198